| 000 | 01077nam a22002657a 4500 | ||
|---|---|---|---|
| 005 | 20141108101351.0 | ||
| 008 | 141108s2005 ck a gr f00010bspa d | ||
| 020 | _a89589129242 | ||
| 041 | 0 | _aspa | |
| 044 | _ack | ||
| 082 | 0 | 4 |
_a925.8 _bA66e |
| 100 | 1 |
_aArango-Bueno, Teresa _96952 |
|
| 245 | 1 | 0 |
_aEnrique Pérez Arbeláez : _bsu vida y su obra / _cpor Teresa Arango Bueno ; ilustración botánica Enrique Pérez Arbeláez ; ilustración artística Hernán Darío Nova. |
| 250 | _a2a. ed. | ||
| 260 |
_aBogotá : _bJardín Botánico de Bogotá José Celestino Mutis, _c2005. |
||
| 300 |
_a106 p. : _bil. ; _c19 cm. |
||
| 600 | 1 | 4 |
_aPérez Arbeláez, Enrique, _d1896-1972 _vBiografías. _928467 |
| 650 | 4 |
_aExpedición botánica _zColombia. _928468 |
|
| 650 |
_aFlora _zColombia _xHistoria. _928469 |
||
| 650 | 4 |
_aJardines botánicos _xHistoria _zColombia. _928470 |
|
| 700 | 1 |
_aPerez-Arbeláez, Enrrique, _d1869-1972, _eil. _928471 |
|
| 700 | 1 |
_aNova, Hernán Darío, _eil. _928472 |
|
| 700 | 1 |
_aMolina Prieto, Luis Fernando, _d1959-, _eed. _928473 |
|
| 942 |
_2ddc _cLIBRO |
||
| 999 |
_c8770 _d8770 |
||